Sistema de control de riego para invernaderos.
Kaydedildi:
| Yazar: | |
|---|---|
| Materyal Türü: | Kitap |
| Baskı/Yayın Bilgisi: |
San José, Costa Rica
1987
|
| Konular: | |
| Etiketler: |
Etiketle
Etiket eklenmemiş, İlk siz ekleyin!
|
MARC
| LEADER | 00000nam a2200000Ia 4500 | ||
|---|---|---|---|
| 003 | 004367 | ||
| 005 | 20221231144348.0 | ||
| 008 | 140114s1987 cr a m 000 ||s d | ||
| 040 | |c cru CEDI | ||
| 090 | |a TFG 2019 | ||
| 100 | |a Ramírez Alfaro, Johnny |9 13788 | ||
| 245 | |a Sistema de control de riego para invernaderos. | ||
| 260 | |c 1987 |a San José, Costa Rica | ||
| 300 | |a iii, 103 hojas : ilustraciones | ||
| 500 | |a Proyecto de graduación (bachiller en ingeniería eléctrica)--Universidad de Costa Rica. Facultad de Ingeniería. Escuela de Ingeniería Eléctrica | ||
| 650 | |x REGULADORES ELECTRICOS - DISEÑO |x RIEGO |x INVERNADEROS |9 13789 | ||
| 942 | |c TFG |2 ddc | ||
| 999 | |c 20732 |d 20732 | ||
